<?xml version="1.0" encoding="UTF-8"?>
<record
    xmlns:xsi="http://www.w3.org/2001/XMLSchema-instance"
    xsi:schemaLocation="http://www.loc.gov/MARC21/slim http://www.loc.gov/standards/marcxml/schema/MARC21slim.xsd"
    xmlns="http://www.loc.gov/MARC21/slim">

  <leader>01953njm a2200385Ia 4500</leader>
  <controlfield tag="001">20220</controlfield>
  <controlfield tag="003">IT-RoPAU</controlfield>
  <controlfield tag="005">20220918181153.0</controlfield>
  <controlfield tag="008">131025s9999    xx            000 0 und d</controlfield>
  <datafield tag="040" ind1=" " ind2=" ">
    <subfield code="a">IT-RoPAU</subfield>
  </datafield>
  <datafield tag="040" ind1=" " ind2=" ">
    <subfield code="c">IT-RoPAU</subfield>
  </datafield>
  <datafield tag="999" ind1=" " ind2=" ">
    <subfield code="c">102311</subfield>
    <subfield code="d">102311</subfield>
  </datafield>
  <datafield tag="999" ind1=" " ind2=" ">
    <subfield code="b">n.d.</subfield>
  </datafield>
  <datafield tag="100" ind1=" " ind2=" ">
    <subfield code="a">AA.VV.</subfield>
    <subfield code="9">794</subfield>
  </datafield>
  <datafield tag="100" ind1=" " ind2=" ">
    <subfield code="e">Autore musica</subfield>
    <subfield code="9">1006</subfield>
  </datafield>
  <datafield tag="100" ind1=" " ind2=" ">
    <subfield code="g">Codice Autore Musica SPICS: 12000</subfield>
    <subfield code="9">796</subfield>
  </datafield>
  <datafield tag="245" ind1=" " ind2=" ">
    <subfield code="a">Super Session (Lp Cbs S 63396)</subfield>
  </datafield>
  <datafield tag="250" ind1=" " ind2=" ">
    <subfield code="a">1a ed.</subfield>
  </datafield>
  <datafield tag="260" ind1=" " ind2=" ">
    <subfield code="a">MILANO</subfield>
  </datafield>
  <datafield tag="260" ind1=" " ind2=" ">
    <subfield code="b">CBS ITALIANA</subfield>
    <subfield code="c">1968 [1a Ed.:1968 - Ed. Lingua Orig.: 1968]</subfield>
  </datafield>
  <datafield tag="300" ind1=" " ind2=" ">
    <subfield code="a">DISCO</subfield>
  </datafield>
  <datafield tag="500" ind1=" " ind2=" ">
    <subfield code="a">Musica strumentale, chitarra elettrica, organo, pianoforte</subfield>
  </datafield>
  <datafield tag="505" ind1=" " ind2=" ">
    <subfield code="a">Albert's Shuffle - Really - His Holy Modal Majesty - Stop - Man's Temptation - It Takes a Lot To Laugh, It Takes a Train To Cry - Season of the Witch - You Don't Love Me - Harvey's Tune</subfield>
  </datafield>
  <datafield tag="511" ind1=" " ind2=" ">
    <subfield code="a">Bloomfield Mike Kooper al Stills Steve</subfield>
  </datafield>
  <datafield tag="650" ind1=" " ind2=" ">
    <subfield code="a">STRUMENTALE [DISCHI]</subfield>
    <subfield code="e">Codice MATERIA SPICS: 9950</subfield>
    <subfield code="9">828</subfield>
  </datafield>
  <datafield tag="700" ind1=" " ind2=" ">
    <subfield code="4">Autore musica</subfield>
    <subfield code="a">Bloomfield Mike</subfield>
    <subfield code="d">Codice autore musica SPICS: 10764</subfield>
    <subfield code="p">Albert's Shuffle - Really - His Holy Modal Majesty</subfield>
    <subfield code="9">1007</subfield>
  </datafield>
  <datafield tag="700" ind1=" " ind2=" ">
    <subfield code="4">Autore testo</subfield>
    <subfield code="a">De Machaut Guillame</subfield>
    <subfield code="d">Codice SPICS: 10996</subfield>
    <subfield code="p">Albert's Shuffle - Really - His Holy Modal Majesty</subfield>
    <subfield code="9">1008</subfield>
  </datafield>
  <datafield tag="700" ind1=" " ind2=" ">
    <subfield code="4">Autore musica</subfield>
    <subfield code="a">Ragovoy J.</subfield>
    <subfield code="d">Codice autore musica SPICS: 23069</subfield>
    <subfield code="p">Stop</subfield>
    <subfield code="9">1009</subfield>
  </datafield>
  <datafield tag="700" ind1=" " ind2=" ">
    <subfield code="4">Autore testo</subfield>
    <subfield code="a">Shuman Mort</subfield>
    <subfield code="d">Codice SPICS: 24590</subfield>
    <subfield code="p">Stop</subfield>
    <subfield code="9">1010</subfield>
  </datafield>
  <datafield tag="700" ind1=" " ind2=" ">
    <subfield code="4">Autore musica</subfield>
    <subfield code="a">Mayfield Curtis</subfield>
    <subfield code="d">Codice autore musica SPICS: 24514</subfield>
    <subfield code="p">Man's Temptation</subfield>
    <subfield code="9">1011</subfield>
  </datafield>
  <datafield tag="700" ind1=" " ind2=" ">
    <subfield code="4">Autore musica</subfield>
    <subfield code="a">Dylan Bob</subfield>
    <subfield code="d">Codice autore musica SPICS:  7026</subfield>
    <subfield code="p">It Takes a Lot To Laugh, It Takes a Train To Cry</subfield>
    <subfield code="9">1012</subfield>
  </datafield>
  <datafield tag="700" ind1=" " ind2=" ">
    <subfield code="4">Autore musica</subfield>
    <subfield code="a">Leitch D.</subfield>
    <subfield code="d">Codice autore musica SPICS: 24515</subfield>
    <subfield code="p">Season of the Witch</subfield>
    <subfield code="9">1013</subfield>
  </datafield>
  <datafield tag="700" ind1=" " ind2=" ">
    <subfield code="4">Autore musica</subfield>
    <subfield code="a">Cobb W.</subfield>
    <subfield code="d">Codice autore musica SPICS: 24516</subfield>
    <subfield code="p">You Don't Love Me</subfield>
    <subfield code="9">1014</subfield>
  </datafield>
  <datafield tag="700" ind1=" " ind2=" ">
    <subfield code="4">Autore musica</subfield>
    <subfield code="a">Brooke H.</subfield>
    <subfield code="d">Codice autore musica SPICS: 24517</subfield>
    <subfield code="p">Harvey's Tune</subfield>
    <subfield code="9">1015</subfield>
  </datafield>
  <datafield tag="942" ind1=" " ind2=" ">
    <subfield code="c">MD</subfield>
    <subfield code="2">ddc</subfield>
  </datafield>
  <datafield tag="952" ind1=" " ind2=" ">
    <subfield code="0">0</subfield>
    <subfield code="1">0</subfield>
    <subfield code="4">0</subfield>
    <subfield code="6">20220_000000000000000</subfield>
    <subfield code="7">1</subfield>
    <subfield code="a">SPICS</subfield>
    <subfield code="b">SPICS</subfield>
    <subfield code="d">2013-10-25</subfield>
    <subfield code="l">0</subfield>
    <subfield code="o">20220</subfield>
    <subfield code="r">2013-10-25 00:00:00</subfield>
    <subfield code="w">2013-10-25</subfield>
    <subfield code="y">MD</subfield>
    <subfield code="z">Progr. Ins.: 3532 / N.Vol.: 1 / Copie: 1 - Copia rara: n.d. / date import: 01.01.2014 - By Epidotti, Trombetti, Vaglietti</subfield>
  </datafield>
</record>
